Routledge spanish dictionary of telecommunications
Saved in:
| Hovedforfatter: | |
|---|---|
| Format: | Bog |
| Sprog: | spansk |
| Udgivet: |
Nueva York
Routledge
1998
|
| Fag: | |
| Tags: |
Tilføj Tag
Ingen Tags, Vær først til at tagge denne postø!
|
MARC
| LEADER | 00000nam a2200000 a 4500 | ||
|---|---|---|---|
| 001 | UCQ7857 | ||
| 003 | CL-VaPUC | ||
| 008 | 981121e19980000US |||||||||||||||||spa|d | ||
| 082 | 0 | 4 | |a 621.382 |b MUÑ |2 21 |
| 100 | |a Muñiz Castro, Emilio G. |e author |9 421620 | ||
| 245 | 1 | 0 | |a Routledge spanish dictionary of telecommunications |
| 246 | 1 | 0 | |a Diccionario inglés de telecomunicaciones |
| 300 | |a 547 p | ||
| 942 | |c BK | ||
| 945 | |d 19981121 00:00:00 |a aarredon | ||
| 260 | |a Nueva York |b Routledge |c 1998 | ||
| 650 | 0 | |a Telecomunicaciones |9 257195 | |
| 650 | 7 | |a COMUNICACIONES |2 CL-VaPUC |9 260778 | |
| 650 | 0 | |a Diccionarios |9 256200 | |
| 583 | |a last modification |c 19981121 00:00:00 |k Rodrigo Vera | ||
| 999 | |c 277237 |d 277235 | ||
| 952 | |0 0 |1 0 |4 0 |6 621_382000000000000_MUÑ_1998 |7 0 |8 X |9 315102 |a BIBEDU |b BIBEDU |d 2019-11-20 |i 3480062 |o 621.382 MUÑ 1998 |p 3480062 |r 2023-01-13 |w 2019-11-20 |y BK_X |k CIT | ||